000 007170000a22002170004500
003 dpl
005 20081031123745.0
008 081031t xxu||||| |||| 00| 0 eng d
010 _aENG-84687
020 _a8181160320
_c675.00 (hb)
035 _aEN-68220
040 _cdpl
082 _a363.34
100 _aSethi, V K
245 _aDisaster management /
_cby V K Sethi
260 _aNew Delhi
_bMaxford Books
_c2006
300 _aviii,325p
_c22cm
500 _aIncludes bibliographical references
942 _2ddc
_cEN
_h363.34
_mSET
999 _c17991
_d17991